| 000 | 00599cam a2200169 4500 | ||
|---|---|---|---|
| 001 | X128865 | ||
| 008 | 050222n1899 000 0 eng u | ||
| 035 | _a(Sirsi) u128865 | ||
| 245 | 4 | _aThe new building | |
| 260 | _c1899 | ||
| 490 |
_aSurveyors Institution Transactions _v31 1898-99, 492-493(2) |
||
| 520 | _aDetails acquisition of 13 Great George Street and 3 and 4 Little George Street for incorporation into the site of the new headquarters of the Surveyors Institution at 12 Great George Street. | ||
| 590 | _aGGS | ||
| 650 | _a12 GREAT GEORGE STREET | ||
| 690 | _aRICS NEWS | ||
| 942 | _n0 | ||
| 999 |
_c74828 _d74828 |
||